000 04859nam a22005055i 4500
999 _c11863
_d11863
001 978-3-319-35162-9
003 DE-He213
005 20211208102312.0
008 160701s2017 gw | s |||| 0|eng d
020 _a9783319351629
040 _cAIKTC-KRRC
041 _aENG
072 7 _aUYQ
_2bicssc
072 7 _aTEC009000
_2bisacsh
072 7 _aUYQ
_2thema
082 0 4 _a006.3
_223
100 1 _aZgurovsky, Mikhail Z.
_eauthor.
_4aut
_4http://id.loc.gov/vocabulary/relators/aut
245 1 4 _a Fundamentals of Computational Intelligence: System Approach
_h[electronic resource] /
250 _a1st ed. 2017.
264 1 _aCham :
_bSpringer International Publishing :
_bImprint: Springer,
_c2017.
300 _aXX, 375 p. 143 illus., 70 illus. in color.
_bCard Paper
336 _atext
_btxt
_2rdacontent
337 _acomputer
_bc
_2rdamedia
338 _aonline resource
_bcr
_2rdacarrier
347 _atext file
_bPDF
_2rda
490 1 _aStudies in Computational Intelligence,
_x1860-949X ;
_v652
520 _aThis monograph is dedicated to the systematic presentation of main trends, technologies and methods of computational intelligence (CI). The book pays big attention to novel important CI technology- fuzzy logic (FL) systems and fuzzy neural networks (FNN). Different FNN including new class of FNN- cascade neo-fuzzy neural networks are considered and their training algorithms are described and analyzed. The applications of FNN to the forecast in macroeconomics and at stock markets are examined. The book presents the problem of portfolio optimization under uncertainty, the novel theory of fuzzy portfolio optimization free of drawbacks of classical model of Markovitz as well as an application for portfolios optimization at Ukrainian, Russian and American stock exchanges. The book also presents the problem of corporations bankruptcy risk forecasting under incomplete and fuzzy information, as well as new methods based on fuzzy sets theory and fuzzy neural networks and results of their application for bankruptcy risk forecasting are presented and compared with Altman method. This monograph also focuses on an inductive modeling method of self-organization – the so-called Group Method of Data Handling (GMDH) which enables to construct the structure of forecasting models almost automatically. The results of experimental investigations of GMDH for forecasting at stock exchanges are presented. The final chapters are devoted to theory and applications of evolutionary modeling (EM) and genetic algorithms. The distinguishing feature of this monograph is a great number of practical examples of CI technologies and methods application for solution of real problems in technology, economy and financial sphere, in particular forecasting, classification, pattern recognition, portfolio optimization, bankruptcy risk prediction under uncertainty which were developed by authors and published in this book for the first time. All CI methods and algorithms are presented from the general system approach and analysis of their properties, advantages and drawbacks that enables practitioners to choose the most adequate method for their own problems solution. .
650 0 _aComputer Engineering
_94622
653 _aComputational Intelligence.
653 _aArtificial Intelligence.
700 1 _aZaychenko, Yuriy P.
_eauthor.
_4aut
_4http://id.loc.gov/vocabulary/relators/aut
710 2 _aSpringerLink (Online service)
773 0 _tSpringer Nature eBook
776 0 8 _iPrinted edition:
_z9783319351605
776 0 8 _iPrinted edition:
_z9783319351612
776 0 8 _iPrinted edition:
_z9783319817392
830 0 _aStudies in Computational Intelligence,
_x1860-949X ;
_v652
856 4 0 _uhttps://doi.org/10.1007/978-3-319-35162-9
_zClick here to access eBook in Springer Nature platform. (Within Campus only.)
942 _cEBOOKS
_2ddc